000 00721nam a2200253Ia 4500
003 OSt
005 20220926034051.0
006 a|||||r|||| 00| 0
007 ta
008 220923b |||||||| |||| 00| 0 eng d
020 _a0815728492
037 _cGeneral Book
040 _aRTL
_cRTL
_beng
041 _2eng
_aeng
082 _aX 9(D6,9 (B), M8
100 _aFlamn Kenneth
_9340011
245 0 _aCreating the computer
_b Government, industry and hi
260 _aWashington
_bBrooking Institute
_c1987
300 _axi, 282p.
_ccm.
500 _aAppendix P 282
650 _aMechanical
_9239020
942 _hX 9(D6,9 (B), M8
_cGB
_2CC
999 _c658669
_d658669